| 000 | 00404nam a2200169Ia 4500 | ||
|---|---|---|---|
| 001 | 11424 | ||
| 005 | 20260306162827.0 | ||
| 008 | 260306t9999||||xx |||||||||||||| ||spa|| | ||
| 041 | _aESP | ||
| 082 |
_a985.041 _bP59 |
||
| 100 |
_aPinochet de la Barra, Oscar _eAUT |
||
| 245 | 0 | _aMisión en Bolivia | |
| 300 |
_a216 páginas : _c23 cm. |
||
| 650 | _aGEN | ||
| 654 | _aCHU | ||
| 942 |
_cLIB _dJUS _fJUS _2ddc _n |
||
| 999 |
_c11424 _d11424 |
||